000 00496nam a2200181Ia 4500
005 20250317125554.0
008 008 250317s9999 xx 000 0 eng d
037 _aTextbook
040 _aFMSL
_beng
_cFMSL
041 _aeng
_2eng
084 _qFMSL
100 _aKotler P
245 0 _aMarketing management : Analysis Planning and control
260 _aNew Delhi
_bNew Delhi, Prentice-Hall of India
_c1967
300 _a628p
942 _cTB
999 _c1260033
_d1260033